000 00405 a2200181 4500
001 125822
020 _a9788541814348
040 _cEscola Canadense de Niteroi
090 _aTeachers
100 _aCristiane Motta
245 1 0 _aAprender Juntos: Ciências 4º ano
250 _a5 ed.
260 _aSão Paulo
362 0 _a2016
490 0 _aAprender Juntos
650 4 _aCiências
942 _cBK
999 _c125822
_d125822